Toutes les villes du monde avec plus d'1 million d'habitants - Statistiques

Statistiques générales
  • Ce quiz a été pris 109 fois
    98 depuis la dernière actualisation
  • Le résultat moyen est 49 sur 100
Statistiques - réponses
Pays Indice nombre d'habitants Réponse % Correct
Japon 42 796 714 hab Tokyo
95%
France 13 114 718 hab Paris
93%
Russie 20 215 638 hab Moscou
90%
États Unis 22 589 036 hab New York
90%
Chine 21 893 095 hab Beijing / Pékin
89%
Egypte 24 439 785 hab Le Caire
88%
Royaume Uni 14 372 596 hab Londres
85%
États Unis 18 711 436 hab Los Angeles
85%
Brésil 36 315 721 hab São Paulo
84%
Corée du sud 26 000 782 hab Séoul
84%
Mexique 21 634 279 hab Mexico
82%
Argentine 15 095 458 hab Buenos Aires
80%
Chine 69 760 022 hab Canton / Hong Kong / Shenzhen / Huizhou / Macao
80%
Brésil 12 699 743 hab Rio de Janeiro
80%
Turquie 15 067 724 hab Istanbul
79%
Indonésie 35 143 473 hab Jakarta
79%
Espagne 6 475 872 hab Madrid
79%
Inde 26 454 086 hab New Delhi
78%
Inde 24 337 933 hab Mumbai / Bombay
77%
Thailande 18 927 786 hab Bangkok
76%
Algérie 7 796 923 hab Alger
74%
Pays Bas 8 366 078 hab Amsterdam / Rotterdam / La haye / Utrecht
74%
Phillipines 28 644 207 hab Manille
74%
États Unis 9 814 928 hab Washington / Baltimore
74%
États Unis 9 825 325 hab Chicago
72%
Japon 19 777 590 hab Osaka / Kyoto / Kobé
72%
États Unis 6 889 936 hab Miami
71%
Chine 24 870 895 hab Shanghai
70%
Colombie 10 985 285 hab Bogota
69%
Émirats Arabes Unis 5 429 549 hab Dubaï
69%
Nigéria 22 829 561 hab Lagos
69%
Pérou 12 104 036 hab Lima
69%
Italie 8 247 125 hab Milan
68%
Turquie 5 503 985 hab Ankara
67%
Singapour 8 081 299 hab Singapour
67%
Afrique du sud 14 717 040 hab Johannesbourg / Pretoria
66%
Iran 15 980 037 hab Téhéran
66%
États Unis 9 665 887 hab San Francisco / San José
65%
Canada 6 685 621 hab Toronto
63%
Irak 13 034 225 hab Bagdad
62%
Chili 8 310 984 hab Santiago
62%
République démocratique du Congo 12 641 463 hab Kinshasa
61%
Russie 6 290 174 hab Saint-Pétersbourg
61%
Arabie Saoudite 6 920 365 hab Riyad
57%
Vietnam 7 588 150 hab Hanoï
56%
Kenya 7 490 979 hab Nairobi
56%
États Unis 8 287 710 hab Boston
55%
Bangladesh 18 615 648 hab Dacca
54%
Chine 7 374 885 hab Hong Kong
54%
Pakistan 7 902 211 hab Islamabad
54%
Inde 16 681 589 hab Kolkata / Calcutta
54%
États Unis 7 209 620 hab Philadelphie
51%
États Unis 8 057 796 hab Dallas / Fort Worth
50%
Chine 10 892 900 hab Wuhan
50%
États Unis 7 253 193 hab Houston
49%
Malaisie 8 178 330 hab Kuala Lumpur
49%
Allemagne 10 642 890 hab Dusseldorf / Essen / Bonn / Dortmund
48%
États Unis 6 853 392 hab Atlanta
46%
Angola 9 165 776 hab Luanda
44%
Soudan 8 524 021 hab Khartoum
43%
États Unis 5 696 911 hab Détroit
39%
Pakistan 16 625 813 hab Karachi
39%
Sri Lanka 6 080 926 hab Colombo
38%
Jordanie 6 101 172 hab Amman
37%
Vietnam 13 648 914 hab Hô-Chi-Minh-Ville
35%
Guatemala 5 484 569 hab Guatemala City
34%
Inde 13 180 744 hab Bangalore
33%
Tanzanie 5 572 776 hab Dar es Salam
29%
Corée du sud 8 050 434 hab Busan
28%
Pakistan 12 328 075 hab Lahore
28%
Birmanie 8 571 870 hab Rangoun
27%
Japon 11 321 935 hab Nagoya
26%
Chine 13 866 009 hab Tianjin
26%
Chine 12 905 600 hab Xi'an
26%
Inde 12 906 602 hab Chennai
24%
Indonésie 8 767 734 hab Bandung
23%
Brésil 5 916 189 hab Belo Horizonte
23%
Inde 14 731 106 hab Hyderabad
23%
Chine 14 677 122 hab Chengdu
22%
Chine 22 251 500 hab Chongqing
22%
Chine 9 194 775 hab Taipei
22%
Indonésie 13 319 229 hab Surabaya
21%
Chine 8 436 200 hab Nankin
20%
Inde 6 226 959 hab Pune
17%
Inde 8 067 743 hab Ahmedabad
16%
Nigéria 5 881 345 hab Ibadan
16%
Chine 6 352 500 hab Qingdao
16%
Inde 6 635 001 hab Surat
16%
Chine 13 764 758 hab Xiamen
16%
Chine 8 294 171 hab Shenyang
15%
Chine 10 018 000 hab Hangzhou
14%
Chine 12 356 820 hab Shenzhen
12%
Pakistan 7 873 910 hab Faisalabad
11%
Chine 5 810 000 hab Zhengzhou
11%
Chine 8 396 820 hab Dongguan
10%
Chine 14 251 500 hab Shantou
7%
Chine 10 721 900 hab Suzhou
5%
Indonésie 7 242 987 hab Semarang
4%
Indonésie 5 984 519 hab Surakarta
4%
Inde 5 618 000 hab Visakhapatnam
1%
Aucun quiz correspondant
Distribution des résultats
% des personnes avec chaque résultat
Percentile par nombre de réponses
Votre historique - résultats
Vous n’avez pas pris ce quiz depuis la dernière actualisation